Normal view
MARC view
- Singh, Surendra
Entry Personal Name
001 - CONTROL NUMBER
- control field: 20972
003 - CONTROL NUMBER IDENTIFIER
- control field: NUST
005 - DATE AND TIME OF LATEST TRANSACTION
- control field: 20190919190255.0
008 - FIXED-LENGTH DATA ELEMENTS
- fixed length control field: 190919|| aca||aabn | a|a d
040 ## - CATALOGING SOURCE
- Original cataloging agency: NUST
- Transcribing agency: NUST
100 ## - HEADING--PERSONAL NAME
- Personal name: Singh, Surendra
670 ## - SOURCE DATA FOUND
- Source citation: Work cat.: (NUST): Singh, Surendra, Engineering Materials /, 1979
